El discurso del Management : tiempo y narración / (Record no. 123070)

MARC details
000 -LEADER
campo de control de longitud fija 02352cam a22003254a 4500
001 - NÚMERO DE CONTROL
campo de control 34251
003 - IDENTIFICADOR DE NÚMERO DE CONTROL
campo de control BJBSDDR
005 - FECHA Y HORA DE LA ÚLTIMA TRANSACCIÓN
campo de control 20250326132137.0
007 - CAMPO FIJO DE DESCRIPCIÓN FÍSICA--INFORMACIÓN GENERAL
campo de control de longitud fija ta
008 - DATOS DE LONGITUD FIJA--INFORMACIÓN GENERAL
campo de control de longitud fija 250326s2007 sp a 000 0 spa
020 ## - NÚMERO INTERNACIONAL ESTÁNDAR DEL LIBRO
Número Internacional Estándar del Libro 9788474764437
020 ## - NÚMERO INTERNACIONAL ESTÁNDAR DEL LIBRO
Número Internacional Estándar del Libro 8474764432
040 ## - FUENTE DE CATALOGACIÓN
Centro catalogador/agencia de origen DLC
Centro/agencia transcriptor DLC
Centro/agencia modificador DLC
Lengua de catalogación spa
041 ## - CÓDIGO DE IDIOMA
Código de lengua del texto/banda sonora o título independiente spa
042 ## - CÓDIGO DE AUTENTICACIÓN
Código de autenticación pcc
043 ## - CÓDIGO DE ÁREA GEOGRÁFICA
Código de área geográfica e-sp---
050 14 - SIGNATURA TOPOGRÁFICA DE LA BIBLIOTECA DEL CONGRESO
Número de clasificación CIS H 1
Número de ítem C397 N.248
082 00 - NÚMERO DE LA CLASIFICACIÓN DECIMAL DEWEY
Número de clasificación 323.23/055.2
100 1# - ENTRADA PRINCIPAL--NOMBRE DE PERSONA
Nombre de persona Fernández Rodríguez, Carlos Jesús,
Fechas asociadas al nombre 1974-
9 (RLIN) 41056
130 1# - ENTRADA PRINCIPAL--TÍTULO UNIFORME
Título uniforme Centro de Investigaciones Sociológicas
9 (RLIN) 18941
245 10 - MENCIÓN DEL TÍTULO
Título El discurso del Management : tiempo y narración /
Mención de responsabilidad, etc. Carlos Jesús Fernández Rodríguez.
250 ## - MENCION DE EDICION
Mención de edición primera edición
260 ## - PUBLICACIÓN, DISTRIBUCIÓN, ETC.
Lugar de publicación, distribución, etc. Madrid :
Nombre del editor, distribuidor, etc. Centro de Investigaciones Sociológicas,
Fecha de publicación, distribución, etc. 2007.
300 ## - DESCRIPCIÓN FÍSICA
Extensión 379 páginas ;
Dimensiones 21 cm.
440 0# - MENCIÓN DE SERIE/PUNTO DE ACCESO ADICIONAL--TÍTULO
Título Colección Monografías (Centro de Investigaciones Sociológicas) ;
9 (RLIN) 5797
Designación de volumen o secuencia 248
520 ## - RESUMEN, ETC.
Sumario, etc. El discurso del Management: tiempo y narración es un trabajo que pretende investigar, desde una perspectiva crítica, los discursos pro-empresariales que, desde hace varias décadas, gozan en las sociedades post-industriales de una hegemonía incuestionable. Las teorías de ambiciosos gurús de gestión empresarial o management han tenido un singular eco entre los altos directivos y las élites políticas, llegando algunas de sus obras a convertirse en best-sellers, y alcanzando una sorprendente influencia. Desde la dirección por objetivos a las técnicas empresariales japonesas, hasta la más reciente inteligencia emocional, el discurso managerial se ha esforzado porque los trabajadores incorporen conceptos como la calidad total, la cultura corporativa o la reingeniería a su vocabulario, con el objetivo de que aprendan a afrontar los requerimientos que, de ellos, se espera por parte de sus empleadores. En este libro, Carlos Jesús Fernández Rodríguez utiliza una metodología cualitativa basada en el análisis del discurso para indagar en los contenidos de estos best-sellers empresariales. Su objetivo es el de revelar lo que estos gurús han estado diciendo realmente durante décadas, que no es otra cosa que legitimar, de forma muy rentable para ellos, la organización del trabajo en el capitalismo.
650 #4 - PUNTO DE ACCESO ADICIONAL DE MATERIA--TÉRMINO DE MATERIA
Término de materia o nombre geográfico como elemento de entrada Análisis del discurso
9 (RLIN) 5499
650 #4 - PUNTO DE ACCESO ADICIONAL DE MATERIA--TÉRMINO DE MATERIA
Término de materia o nombre geográfico como elemento de entrada Gestión de empresas
9 (RLIN) 6542
942 ## - ELEMENTOS DE ENTRADA SECUNDARIOS (KOHA)
Fuente del sistema de clasificación o colocación Clasificación de Library of Congress
Tipo de ítem Koha Libro
Holdings
Estatus retirado Estado de pérdida Fuente del sistema de clasificación o colocación Estado de daño No para préstamo Colección Biblioteca de origen Biblioteca actual Ubicación en estantería Fecha de adquisición Signatura topográfica completa Código de barras Visto por última vez Copia número Tipo de ítem Koha
    Clasificación de Library of Congress     Ciencias Sociales Biblioteca Juan Bosch Biblioteca Juan Bosch Ciencias Sociales (3er. Piso) 26/03/2025 CIS H 1 C397 N.248 00000183588 26/03/2025 1 Libro